BSOP header

Documenting Philippineasian : (Record no. 1159)

MARC details
000 -LEADER
fixed length control field 00643nam a2200193 4500
008 - FIXED-LENGTH DATA ELEMENTS--GENERAL INFORMATION
fixed length control field 010503s1994 ph 1 engQU
090 ## - LOCALLY ASSIGNED LC-TYPE CALL NUMBER (OCLC); LOCAL CALL NUMBER (OCLC)
Classification number (OCLC) (R) ; Classification number, CALL (RLIN) (NR) DS665
Local cutter number (OCLC) ; Book number/undivided call number, CALL (RLIN) M31d
100 1# - MAIN ENTRY--PERSONAL NAME
Personal name Manuel, E. Arsenio
245 10 - TITLE STATEMENT
Title Documenting Philippineasian :
Remainder of title an inquiry into the ancestry of the Filipino people... /
Statement of responsibility, etc E. Arsenio Manuel
260 ## - PUBLICATION, DISTRIBUTION, ETC. (IMPRINT)
Place of publication, distribution, etc Quezon City :
Name of publisher, distributor, etc Philippine Asian Society,
Date of publication, distribution, etc c1994.
300 ## - PHYSICAL DESCRIPTION
Extent xi, 82 p. :
Other physical details ills, map.
504 ## - BIBLIOGRAPHY, ETC. NOTE
Bibliography, etc Biblio : pp. 67-77.
504 ## - BIBLIOGRAPHY, ETC. NOTE
Bibliography, etc Includes index.
650 #4 - SUBJECT ADDED ENTRY--TOPICAL TERM
Topical term or geographic name as entry element Tagalog language
651 #4 - SUBJECT ADDED ENTRY--GEOGRAPHIC NAME
Geographic name Ethnology
Geographic subdivision Philippines
651 #4 - SUBJECT ADDED ENTRY--GEOGRAPHIC NAME
Geographic name Philippines
General subdivision History
651 #4 - SUBJECT ADDED ENTRY--GEOGRAPHIC NAME
Geographic name Philippines
General subdivision Languages
Holdings
Withdrawn status Lost status Damaged status Not for loan Home library Current library Shelving location Date acquired Accession number Shelving control number Total Checkouts Full call number Barcode Date last seen Price effective from Koha item type
        BSOP Library BSOP Library Filipiniana 12/21/2000 23491 127   DS665/M31d 00015973 02/23/2013 02/23/2013 Books
BSOP

Biblical Seminary of the Philippines
  All rights Reserved
  © 2024

CONTACT INFORMATION

Biblical Seminary of the Philippines,
  77-B Karuhatan Road, Valenzuela City,
  PHILIPPINES 1441
  Phone: +632 8292-6795 / 8292-6798
  Fax : +632 8292-6675
  Email: library@bsop.edu.ph